|
|
|
|
| LEADER |
01381nam a2200421 a 4500 |
| 001 |
000543596 |
| 003 |
CZ BrMZK |
| 005 |
20190819190842.0 |
| 007 |
ta |
| 008 |
000115s2000 xr f cze d |
| 015 |
|
|
|a cnb000983347
|
| 020 |
|
|
|a 80-86202-77-1
|
| 035 |
|
|
|a (OCoLC)46963182
|
| 040 |
|
|
|a BOA001
|b cze
|
| 072 |
|
7 |
|a 11
|x Metafyzika
|2 Konspekt
|9 5
|
| 080 |
|
|
|a 575.8
|2 MRF
|
| 080 |
|
|
|a 101
|2 MRF
|
| 080 |
|
|
|a 111
|2 MRF
|
| 080 |
|
|
|a (048.8)
|2 MRF
|
| 100 |
1 |
|
|a Šmajs, Josef,
|d 1938-
|7 jn19990209866
|
| 245 |
1 |
0 |
|a Drama evoluce :
|b fragment evoluční ontologie /
|c Josef Šmajs
|
| 246 |
3 |
3 |
|a Od Země k nebi
|
| 246 |
3 |
3 |
|a Znovuobjevení kouzla přírody
|
| 250 |
|
|
|a Vyd. 1.
|
| 260 |
|
|
|a Praha :
|b Hynek,
|c 2000
|
| 300 |
|
|
|a 188 s. ;
|c 19 cm
|
| 490 |
1 |
|
|a Krov ;
|v sv. 3
|
| 500 |
|
|
|a Bibliogr.
|
| 500 |
|
|
|a Dopl. překl.: Prigogine, I., Stengers, I.: Od Země k nebi, Znovuobjevení kouzla přírody
|
| 650 |
0 |
7 |
|a evoluce (biologie)
|7 ph114506
|x filozofické aspekty
|2 czenas
|
| 650 |
0 |
7 |
|a ontologie (filozofie)
|7 ph123746
|2 czenas
|
| 655 |
|
7 |
|a studie
|7 fd133597
|2 czenas
|
| 700 |
1 |
|
|a Prigogine, Ilya,
|d 1917-2003
|7 jn19981002038
|
| 700 |
1 |
|
|a Stengers, Isabelle,
|d 1949-
|7 xx0000381
|
| 830 |
|
0 |
|a Krov
|
| 910 |
|
|
|a BOA001
|b 1-1080.107
|
| 990 |
|
|
|a BK
|
| 996 |
6 |
|
|b 2610126217
|c 1-1080.107
|l MZK
|r Sklad / do 1 hodiny
|n 17
|p p.v.
|w 000543596
|u 000010
|a 1
|e BOA001
|j MZK50
|s P
|